000 00299nam a22001337a 4500
008 170715b xxu||||| |||| 00| 0 eng d
020 _a0853453993
041 _aeng
080 _a572
100 _a24
101 _aANT
245 _aTOWARD AN ANTHROPOLOGY OF WOMEN
_cREITER, R.R
942 _2udc
_cBK
999 _c21150
_d21150